000 00708nam a2200229 a 4500
005 20160122114703.0
008 140221b1996 ck ||||| |||| 00| 0 spa d
040 _aCO-BoIAVH
_cCO-BoIAVH
041 _aspa
044 _ack
090 _aLB
_b00719
110 1 _bCorporación Autónoma Regional de Santander
245 1 _aProyecto Serranía de los Yariguies y Cuchilla del Minero
260 _aBogotá
_bCAS
_c1996?
300 _a77 paginas
650 6 _aVegetación
650 6 _aFormaciones vegetales
650 6 _aEcología del paisaje
650 6 _aConservación de ecosistemas
662 _aColombia
_cSerranía de Los Yariguies
_bSantander
942 _cINFORME
_2z
999 _c734
_d734